Kamenný svet versus virtuálny svet zborník vedeckých statí

Salvato in:
Dettagli Bibliografici
Ente Autore: Obchodná fakulta EU. Katedra informatiky obchodných firiem
Altri autori: Červenka, Peter, 1976-, Hlavatý, Ivan, 1978-, Pólya, Attila
Natura: Libro
Lingua:slovacco
Pubblicazione: Bratislava Vydavateľstvo EKONÓM 2011
Soggetti:
Tags: Aggiungi Tag
Nessun Tag, puoi essere il primo ad aggiungerne!!

MARC

LEADER 00000nlm$a2200000$$$4500
001 0141551
005 20240502072534.7
020 |a 978-80-225-3256-3 
041 0 |a slo 
044 |a SK 
245 1 0 |a Kamenný svet versus virtuálny svet  |b zborník vedeckých statí  |c zborník zostavili Peter Červenka, Ivan Hlavatý 
264 1 |a Bratislava  |b Vydavateľstvo EKONÓM  |c 2011 
300 |a CD-ROM [105 s.] 
610 2 0 |a internet 
610 2 0 |a stránky webové 
610 2 0 |a obchod elektronický 
610 2 0 |a digitalizácia 
610 2 0 |a vzdelávanie elektronické 
700 1 |a Červenka, Peter, 1976- 
700 1 |a Hlavatý, Ivan, 1978- 
700 1 |a Pólya, Attila 
700 1 |a Hlavatý, Ivan, 1978- 
710 2 |a Obchodná fakulta EU. Katedra informatiky obchodných firiem